[Event "Boeblingen op 33rd"]
[Site "Boeblingen"]
[Date "2016.12.28"]
[Round "1"]
[White "Skoberne, Jure"]
[Black "Van Melkebeke, Willem"]
[Result "1-0"]
[WhiteElo "2551"]
[BlackElo "2140"]
[PlyCount "57"]
[EventDate "2016.12.26"]
[EventType "swiss"]
[EventRounds "9"]
[EventCountry "GER"]
[SourceTitle "CBM 176 Extra"]
[Source "ChessBase"]
[SourceDate "2017.03.02"]
[SourceVersion "1"]
[SourceVersionDate "2017.03.02"]
[SourceQuality "1"]

1. d4 Nf6 2. Nf3 g6 3. Bg5 Bg7 4. Nbd2 d5 5. e3 0-0 6. c3 c5 7. dxc5 a5 8. a4 Qc7 9. Nb3 Ne4 10. Bh4 Rd8 11. Nfd4 Na6 12. Nb5 Qd7 13. f3 Nexc5 14. Nxa5 b6 15. Nb3 Nxb3 16. Qxb3 Nc5 17. Qd1 Qe6 18. Bf2 Qe5 19. Be2 Bh6 20. b4 Ne6 21. Qd2 Bd7 22. 0-0 Bxb5 23. Bxb5 d4 24. cxd4 Qh5 25. Qe2 Ng7 26. Bc6 Rac8 27. b5 e5 28. g4 Qh3 29. dxe5 1-0

[Event "Charleroi op"]
[Site "Charleroi"]
[Date "2015.08.02"]
[Round "2"]
[White "Van Melkebeke, Willem"]
[Black "Hovhannisyan, Mher"]
[Result "0-1"]
[WhiteElo "2080"]
[BlackElo "2515"]
[PlyCount "84"]
[EventDate "2015.08.01"]
[EventType "swiss"]
[EventRounds "9"]
[EventCountry "BEL"]
[SourceTitle "CBM 167 Extra"]
[Source "ChessBase"]
[SourceDate "2015.09.14"]
[SourceVersion "1"]
[SourceVersionDate "2015.09.14"]
[SourceQuality "1"]

1. e4 e6 2. d4 d5 3. Nd2 h6 4. Ngf3 Nf6 5. e5 Ne4 6. Bd3 Nxd2 7. Bxd2 c5 8. c3 Qb6 9. Rb1 Nc6 10. dxc5 Bxc5 11. 0-0 a5 12. Qa4 Bd7 13. Qg4 Kf8 14. b4 axb4 15. cxb4 Be7 16. b5 Na5 17. Bb4 Qd8 18. Rfc1 g6 19. Qf4 Kg7 20. Bxe7 Qxe7 21. Rc7 Rhd8 22. Rbc1 Rac8 23. h4 b6 24. Qd4 Nc4 25. Rxc8 Rxc8 26. Bxc4 Bxb5 27. Bxb5 Rxc1+ 28. Kh2 Rc2 29. a4 Qc5 30. Kg3 Kf8 31. Bf1 Ra2 32. Bb5 Ke7 33. Qxc5+ bxc5 34. Ne1 c4 35. Kf3 f6 36. exf6+ Kxf6 37. Ke3 e5 38. f4 Ra3+ 39. Ke2 exf4 40. Bc6 Ke5 41. Nf3+ Kd6 42. Be8 Re3+ 0-1

[Event "Charleroi op"]
[Site "Charleroi"]
[Date "2014.07.29"]
[Round "5"]
[White "Van Melkebeke, Willem"]
[Black "Sadikhov, Ulvi Ramil Oglu"]
[Result "1/2-1/2"]
[WhiteElo "2030"]
[BlackElo "2335"]
[PlyCount "68"]
[EventDate "2014.07.26"]
[EventType "swiss"]
[EventRounds "9"]
[EventCountry "BEL"]
[SourceTitle "EXT 2015"]
[Source "ChessBase"]
[SourceDate "2014.11.20"]
[SourceVersion "1"]
[SourceVersionDate "2014.11.20"]
[SourceQuality "1"]

1. e4 d6 2. Nc3 Nf6 3. Bc4 e5 4. f4 exf4 5. Nf3 Nc6 6. d4 Bg4 7. Bb5 a6 8. Bxc6+ bxc6 9. Bxf4 Be7 10. 0-0 0-0 11. Qd3 a5 12. Kh1 Bh5 13. Qc4 Qd7 14. e5 d5 15. Qe2 Ne8 16. Qd2 a4 17. a3 Bg4 18. Ne1 Be6 19. Nd3 Bf5 20. Rae1 Qe6 21. Qe3 h6 22. Qg3 g5 23. Bc1 Ng7 24. Re2 Qg6 25. Ne1 Rfd8 26. Qf2 Ra5 27. Be3 Be6 28. Nd3 Nf5 29. Bd2 h5 30. Na2 Ra6 31. Bb4 Bxb4 32. Naxb4 Rb6 33. Nc5 Ra8 34. c3 Bc8 1/2-1/2

[Event "Charleroi op"]
[Site "Charleroi"]
[Date "2013.07.29"]
[Round "4"]
[White "Van Melkebeke, Willem"]
[Black "Okhotnik, Vladimir"]
[Result "0-1"]
[WhiteElo "1988"]
[BlackElo "2403"]
[PlyCount "74"]
[EventDate "2013.07.27"]
[EventType "swiss"]
[EventRounds "9"]
[EventCountry "BEL"]
[SourceTitle "CBM 155 Extra"]
[Source "ChessBase"]
[SourceDate "2013.08.26"]
[SourceVersion "1"]
[SourceVersionDate "2013.08.26"]
[SourceQuality "1"]

1. e4 c6 2. d4 d5 3. f3 e6 4. Nc3 Nd7 5. Nge2 Bb4 6. Bf4 Ne7 7. a3 Ba5 8. Qd3 dxe4 9. fxe4 e5 10. dxe5 Ng6 11. e6 fxe6 12. Qd6 Nxf4 13. Nxf4 Nf6 14. Qxd8+ Kxd8 15. 0-0-0+ Ke7 16. b4 Bc7 17. Nd3 Ng4 18. h3 Ne5 19. Be2 b6 20. Nb2 Rf8 21. Rhf1 Bb7 22. Nc4 Nxc4 23. Bxc4 b5 24. Bd3 a5 25. Rxf8 Rxf8 26. Rf1 Rd8 27. Rd1 Bf4+ 28. Kb1 axb4 29. axb4 Be5 30. Na2 Rf8 31. Rf1 Rxf1+ 32. Bxf1 Kf6 33. c4 c5 34. bxc5 Bxe4+ 35. Kc1 bxc4 36. Kd2 Bd4 37. Nc3 Bc6 0-1

[Event "BEL-chT 1213"]
[Site "Belgium"]
[Date "2013.02.17"]
[Round "9.8"]
[White "Capone, Nicola"]
[Black "Van Melkebeke, Willem"]
[Result "0-1"]
[WhiteElo "2126"]
[BlackElo "1982"]
[PlyCount "74"]
[EventDate "2012.09.23"]
[EventType "team-tourn"]
[EventRounds "11"]
[EventCountry "BEL"]
[SourceTitle "EXT 2014"]
[Source "ChessBase"]
[SourceDate "2013.11.20"]
[SourceVersion "1"]
[SourceVersionDate "2013.11.20"]
[SourceQuality "1"]
[WhiteTeam "Fontaine"]
[BlackTeam "Zottegem"]
[WhiteTeamCountry "BEL"]
[BlackTeamCountry "BEL"]

1. e4 c5 2. Nf3 e6 3. d4 cxd4 4. Nxd4 Nc6 5. Nc3 Qc7 6. Be3 a6 7. Be2 Nf6 8. a3 d6 9. f4 Be7 10. 0-0 0-0 11. Bf3 Re8 12. Qd3 Bd7 13. Nce2 Rac8 14. Rac1 b5 15. Nxc6 Bxc6 16. Nd4 Bb7 17. f5 e5 18. Ne2 d5 19. exd5 e4 20. Bxe4 Nxe4 21. Kh1 Qc4 22. Qxc4 Rxc4 23. b3 Rcc8 24. c4 Bxa3 25. Ra1 Bc5 26. Bxc5 Nxc5 27. Nd4 bxc4 28. bxc4 Re4 29. Rfd1 Rxd4 30. Rxd4 Nb3 31. Rb1 Nxd4 32. Rxb7 Nxf5 33. c5 Kf8 34. c6 Ke8 35. g4 Nd6 36. Ra7 Nb5 37. Rxa6 Nc7 0-1

[Event "Charleroi op"]
[Site "Charleroi"]
[Date "2012.08.03"]
[Round "8"]
[White "Le Quang, Kim"]
[Black "Van Melkebeke, Willem"]
[Result "1-0"]
[WhiteElo "2282"]
[BlackElo "1940"]
[PlyCount "105"]
[EventDate "2012.07.28"]
[EventType "swiss"]
[EventRounds "9"]
[EventCountry "BEL"]
[SourceTitle "CBM 149 Extra"]
[Source "ChessBase"]
[SourceDate "2012.08.24"]
[SourceVersion "1"]
[SourceVersionDate "2012.08.24"]
[SourceQuality "1"]

1. c4 Nf6 2. g3 c6 3. Bg2 d5 4. Nf3 dxc4 5. 0-0 Nbd7 6. Na3 Nb6 7. Qc2 Be6 8. Ng5 Bg4 9. f3 Bh5 10. Nxc4 e5 11. Kh1 Nxc4 12. Qxc4 Be7 13. f4 Nd5 14. Nf3 exf4 15. gxf4 Nb6 16. Qc2 Qd6 17. d3 Nd5 18. Qd2 0-0-0 19. a3 Bxf3 20. Rxf3 f6 21. Qa5 Qc5 22. Qa4 Kb8 23. e4 Nb6 24. Qb3 Qa5 25. Qc2 Qc5 26. Qe2 Rhe8 27. Be3 Qb5 28. Bf1 Na4 29. b4 g5 30. fxg5 fxg5 31. Rf5 c5 32. Qc2 Qc6 33. bxc5 Bf6 34. Rb1 Re5 35. Bg2 b5 36. Qxa4 Rxd3 37. Qxb5+ Qxb5 38. Rxb5+ Kc7 39. Rxf6 Rxe3 40. Rb1 g4 41. Rf7+ Kc6 42. Rxa7 Kxc5 43. Rc7+ Kd4 44. Rd1+ Rd3 45. Rxd3+ Kxd3 46. Rd7+ Ke2 47. Rxh7 Rc5 48. Rf7 Ra5 49. Rf5 Rxa3 50. e5 Re3 51. Bd5 Kd3 52. Kg2 Kd4 53. e6 1-0

[Event "Charleroi op"]
[Site "Charleroi"]
[Date "2012.08.01"]
[Round "6"]
[White "Uhoda, Philippe"]
[Black "Van Melkebeke, Willem"]
[Result "0-1"]
[WhiteElo "2106"]
[BlackElo "1940"]
[PlyCount "134"]
[EventDate "2012.07.28"]
[EventType "swiss"]
[EventRounds "9"]
[EventCountry "BEL"]
[SourceTitle "CBM 149 Extra"]
[Source "ChessBase"]
[SourceDate "2012.08.24"]
[SourceVersion "1"]
[SourceVersionDate "2012.08.24"]
[SourceQuality "1"]

1. e4 c5 2. Nc3 Nc6 3. Bb5 Nd4 4. Bc4 e6 5. d3 Ne7 6. Nf3 Nec6 7. 0-0 d6 8. Nxd4 Nxd4 9. Nb5 Nc6 10. a4 a6 11. Nc3 Be7 12. f4 Rb8 13. Be3 Nd4 14. Bxd4 cxd4 15. Ne2 b5 16. axb5 axb5 17. Bb3 0-0 18. Ng3 Kh8 19. f5 Bh4 20. fxe6 Bxg3 21. hxg3 Bxe6 22. Bxe6 fxe6 23. Rxf8+ Qxf8 24. Qh5 Qc8 25. Kh2 b4 26. Qf7 Rb7 27. Qf2 e5 28. Ra6 Qd8 29. Qf5 h6 30. Qe6 Rb6 31. Ra7 Qg5 32. Qe8+ Kh7 33. Rf7 Qh5+ 34. Kg1 Qg6 35. Rf8 Qxe8 36. Rxe8 Kg6 37. Rc8 Kg5 38. b3 Kg4 39. Rc7 g5 40. Kh2 h5 41. Rc4 h4 42. gxh4 Kxh4 43. Rc8 Kg4 44. Rf8 Rc6 45. Rf2 Kh4 46. g3+ Kg4 47. Kg2 Rc7 48. Rd2 Rf7 49. Rd1 Rf3 50. Ra1 Rxg3+ 51. Kf2 Kf4 52. Ra6 Rf3+ 53. Kg2 Re3 54. Kf2 g4 55. Rxd6 g3+ 56. Kf1 Rf3+ 57. Kg1 Rf2 58. Rf6+ Ke3 59. Rf5 Rxc2 60. Rxe5 Kxd3 61. Rg5 Kxe4 62. Rxg3 Rc3 63. Rg8 Ke3 64. Rg3+ Ke2 65. Rg4 Kd3 66. Rg3+ Kc2 67. Rg4 d3 0-1

[Event "BEL-ch op"]
[Site "Lommel"]
[Date "2012.07.08"]
[Round "9"]
[White "Van Melkebeke, Willem"]
[Black "Apemiye, Austin"]
[Result "1-0"]
[WhiteElo "1943"]
[BlackElo "2060"]
[PlyCount "43"]
[EventDate "2012.06.30"]
[EventType "swiss"]
[EventRounds "9"]
[EventCountry "BEL"]
[SourceTitle "EXT 2013"]
[Source "ChessBase"]
[SourceDate "2012.11.22"]
[SourceVersion "1"]
[SourceVersionDate "2012.11.22"]
[SourceQuality "1"]

1. e4 e6 2. d4 d5 3. Nd2 Nf6 4. e5 Nfd7 5. Bd3 c5 6. c3 Nc6 7. Ngf3 Qb6 8. 0-0 cxd4 9. cxd4 Nxd4 10. Nxd4 Qxd4 11. Nf3 Qb6 12. Qa4 Qb4 13. Qc2 Qg4 14. h3 Qh5 15. Qa4 a6 16. Be3 f6 17. Rac1 fxe5 18. Bb5 Ke7 19. Rc7 Kf6 20. Bxd7 Bd6 21. Bg5+ Kg6 22. Be8+ 1-0

[Event "Amantea op-A 9th"]
[Site "Amantea"]
[Date "2011.09.11"]
[Round "9"]
[White "Van Melkebeke, Willem"]
[Black "Carbone, Stefano"]
[Result "0-1"]
[WhiteElo "1926"]
[BlackElo "1933"]
[PlyCount "98"]
[EventDate "2011.09.04"]
[EventType "swiss"]
[EventRounds "9"]
[EventCountry "ITA"]
[SourceTitle "CBM 144 Extra"]
[Source "ChessBase"]
[SourceDate "2011.10.28"]
[SourceVersion "1"]
[SourceVersionDate "2011.10.28"]
[SourceQuality "1"]

1. Nc3 d5 2. e4 dxe4 3. Nxe4 c6 4. Nf3 Nd7 5. Bc4 e6 6. 0-0 Ngf6 7. Ng3 Bd6 8. d4 0-0 9. Re1 Qc7 10. c3 b6 11. Bg5 Bb7 12. Qe2 Nd5 13. Ne5 Rfe8 14. Bd3 f5 15. a3 Nxe5 16. dxe5 Bf8 17. c4 Ne7 18. b4 c5 19. b5 Ng6 20. Nh5 Be7 21. Bd2 Rad8 22. Bc3 Bg5 23. Rad1 Rd7 24. Bc2 Red8 25. Rxd7 Rxd7 26. Rd1 Qd8 27. Rd6 Nf8 28. Rxd7 Qxd7 29. Qd3 Qxd3 30. Bxd3 g6 31. f4 Bh4 32. Ng3 g5 33. Nxf5 exf5 34. g3 gxf4 35. gxh4 Be4 36. Bxe4 fxe4 37. e6 Nxe6 38. Be5 f3 39. Kf2 Kf7 40. Bb8 Nf8 41. Ke3 Ke6 42. Bg3 Kf5 43. a4 Nd7 44. Bc7 Ne5 45. Bb8 Nxc4+ 46. Kf2 Ne5 47. Bxa7 Nd7 48. Bxb6 Nxb6 49. a5 Ke6 0-1

[Event "Amantea op-A 9th"]
[Site "Amantea"]
[Date "2011.09.10"]
[Round "8"]
[White "Gregori, Giacomo"]
[Black "Van Melkebeke, Willem"]
[Result "1-0"]
[WhiteElo "1993"]
[BlackElo "1926"]
[PlyCount "99"]
[EventDate "2011.09.04"]
[EventType "swiss"]
[EventRounds "9"]
[EventCountry "ITA"]
[SourceTitle "CBM 144 Extra"]
[Source "ChessBase"]
[SourceDate "2011.10.28"]
[SourceVersion "1"]
[SourceVersionDate "2011.10.28"]
[SourceQuality "1"]

1. Nf3 g6 2. d4 Bg7 3. c4 d6 4. Nc3 Nf6 5. e4 0-0 6. Be2 e5 7. 0-0 Nc6 8. d5 Ne7 9. b4 Nh5 10. c5 Nf4 11. Bxf4 exf4 12. Rc1 h6 13. Nd4 h5 14. Qd2 Kh7 15. Nf3 Bh6 16. cxd6 cxd6 17. Qd4 g5 18. Qf6 Ng8 19. Qxd8 Rxd8 20. Nd4 g4 21. f3 Ne7 22. Ncb5 a6 23. Na3 b5 24. Rc7 Rd7 25. Rfc1 Bg7 26. Nb3 Bb2 27. Rxd7 Bxd7 28. Rc7 Be8 29. Nc2 Rc8 30. Rxc8 Nxc8 31. fxg4 hxg4 32. Bxg4 Nb6 33. Kf2 Bd7 34. Bxd7 Nxd7 35. Kf3 Be5 36. Ncd4 Kg6 37. Nc6 Kg5 38. Nba5 f5 39. exf5 Kxf5 40. h4 Nb6 41. Ne7+ Kf6 42. Nac6 Kf7 43. Ke4 Nd7 44. Nxe5+ dxe5 45. Nc6 Kf6 46. h5 Kg5 47. h6 Kxh6 48. Kf5 Nb6 49. d6 Kh5 50. Nxe5 1-0

[Event "BEL-ch U18/20"]
[Site "Houffalize"]
[Date "2011.04.18"]
[Round "3"]
[White "Comhaire, Cedric"]
[Black "Van Melkebeke, Willem"]
[Result "0-1"]
[WhiteElo "1621"]
[BlackElo "1932"]
[PlyCount "106"]
[EventDate "2011.04.17"]
[EventType "swiss"]
[EventRounds "9"]
[EventCountry "BEL"]
[SourceTitle "EXT 2012"]
[Source "ChessBase"]
[SourceDate "2011.11.24"]
[SourceVersion "1"]
[SourceVersionDate "2011.11.24"]
[SourceQuality "1"]

1. e4 c5 2. Nc3 a6 3. f4 Nc6 4. Nf3 e6 5. g3 g6 6. Bg2 Bg7 7. 0-0 Nge7 8. d3 0-0 9. Kh1 Nd4 10. Nxd4 cxd4 11. Ne2 d5 12. e5 f6 13. exf6 Bxf6 14. Qe1 Nf5 15. c3 dxc3 16. bxc3 d4 17. cxd4 Nxd4 18. Nxd4 Qxd4 19. Ba3 Rd8 20. Rd1 Qa4 21. Qb4 Qxb4 22. Bxb4 a5 23. Bc5 Bd4 24. Bxd4 Rxd4 25. Rf2 Rb8 26. Rc2 b5 27. Rc7 Bd7 28. Be4 b4 29. Rc4 Rd6 30. d4 a4 31. Rb1 b3 32. axb3 axb3 33. Rb2 Ra6 34. Rc3 Ra1+ 35. Bb1 Ba4 36. Kg2 Rb4 37. Rd3 Bc6+ 38. Kh3 Be4 39. Rd1 Kf7 40. Kh4 Kf6 41. g4 h6 42. g5+ hxg5+ 43. fxg5+ Ke7 44. Kg3 Kd6 45. h3 Bxb1 46. Kf2 Kd5 47. Ke3 Rb8 48. Rdxb1 Rxb1 49. Rxb1 Rh8 50. Rh1 b2 51. Kd2 Rxh3 52. Rb1 Kxd4 53. Ke1 Ke4 0-1

[Event "Brasschaat op 10th"]
[Site "Brasschaat"]
[Date "2010.08.17"]
[Round "4"]
[White "Knors, Rudi"]
[Black "Van Melkebeke, Willem"]
[Result "1-0"]
[WhiteElo "2120"]
[BlackElo "1903"]
[PlyCount "35"]
[EventDate "2010.08.14"]
[EventType "swiss"]
[EventRounds "9"]
[EventCountry "BEL"]
[SourceTitle "CBM 138 Extra"]
[Source "ChessBase"]
[SourceDate "2010.10.29"]
[SourceVersion "1"]
[SourceVersionDate "2010.10.29"]
[SourceQuality "1"]

1. d4 Nf6 2. c4 g6 3. Nc3 Bg7 4. g3 0-0 5. Bg2 d6 6. e3 Nbd7 7. Nge2 c6 8. 0-0 e5 9. b3 Re8 10. Ba3 Nb6 11. Qd2 d5 12. dxe5 Rxe5 13. Rad1 Bg4 14. f3 Bh6 15. Nf4 Bd7 16. c5 Nc8 17. e4 Qa5 18. Nfxd5 1-0

[Event "BEL-ch op"]
[Site "Westerlo"]
[Date "2010.07.06"]
[Round "4"]
[White "Van Melkebeke, Willem"]
[Black "Goossens, Hanne"]
[Result "1/2-1/2"]
[WhiteElo "1903"]
[BlackElo "2052"]
[PlyCount "37"]
[EventDate "2010.07.03"]
[EventType "swiss"]
[EventRounds "9"]
[EventCountry "BEL"]
[SourceTitle "CBM 137 Extra"]
[Source "ChessBase"]
[SourceDate "2010.09.01"]
[SourceVersion "1"]
[SourceVersionDate "2010.09.01"]
[SourceQuality "1"]

1. d4 f5 2. g3 g6 3. Bg2 Nf6 4. Nh3 Bg7 5. Nf4 0-0 6. h4 c6 7. h5 Qe8 8. c3 Na6 9. Qb3+ d5 10. Nd2 Ng4 11. Nf3 e5 12. Nxe5 Nxe5 13. dxe5 Nc5 14. Qb4 b6 15. Be3 Ne4 16. Bxe4 fxe4 17. hxg6 hxg6 18. Qd6 Bf5 19. e6 1/2-1/2

[Event "Ghent Taminco op 32nd"]
[Site "Ghent"]
[Date "2009.07.18"]
[Round "1"]
[White "Van Melkebeke, Willem"]
[Black "Baklan, Vladimir"]
[Result "0-1"]
[WhiteElo "1877"]
[BlackElo "2639"]
[PlyCount "44"]
[EventDate "2009.07.18"]
[EventType "swiss"]
[EventRounds "9"]
[EventCountry "BEL"]
[SourceTitle "CBM 131 Extra"]
[Source "ChessBase"]
[SourceDate "2009.09.03"]
[SourceVersion "2"]
[SourceVersionDate "2009.09.16"]
[SourceQuality "1"]

1. Nc3 c5 2. Nf3 Nc6 3. d4 cxd4 4. Nxd4 d6 5. g3 g6 6. Bg2 Bd7 7. 0-0 Bg7 8. Be3 Nf6 9. h3 Qc8 10. Kh2 0-0 11. Qd2 Re8 12. Rad1 Rb8 13. Bh6 Bh8 14. Be3 a6 15. a4 Qc7 16. Nd5 Nxd5 17. Bxd5 Nxd4 18. Bxd4 Bxd4 19. Qxd4 Qxc2 20. Rc1 Qxe2 21. Rfe1 Qh5 22. g4 Bxg4 0-1

[Event "BEL-ch op"]
[Site "Namur"]
[Date "2009.07.06"]
[Round "3"]
[White "Werner, Yvan"]
[Black "Van Melkebeke, Willem"]
[Result "1/2-1/2"]
[WhiteElo "2065"]
[BlackElo "1908"]
[PlyCount "69"]
[EventDate "2009.07.04"]
[EventType "swiss"]
[EventRounds "9"]
[EventCountry "BEL"]
[SourceTitle "EXT 2010"]
[Source "ChessBase"]
[SourceDate "2010.11.25"]
[SourceVersion "1"]
[SourceVersionDate "2010.11.25"]
[SourceQuality "1"]

1. e4 c5 2. Nf3 e6 3. c3 Nf6 4. e5 Nd5 5. d4 cxd4 6. cxd4 Nc6 7. Bc4 Nb6 8. Bb3 d6 9. 0-0 Be7 10. Nc3 0-0 11. Qe2 dxe5 12. dxe5 a6 13. Rd1 Qc7 14. Be3 Rd8 15. Bxb6 Qxb6 16. Rxd8+ Qxd8 17. Rd1 Qc7 18. Bc2 b5 19. Nd4 Bb7 20. Nxc6 Bxc6 21. Be4 Bxe4 22. Qxe4 Rd8 23. Rxd8+ Qxd8 24. Qe2 Qc7 25. f4 b4 26. Nd1 Qc1 27. g3 Qc6 28. Nf2 Bc5 29. Kf1 Bxf2 30. Kxf2 a5 31. b3 Qh1 32. Ke3 Qg1+ 33. Kd3 Qc5 34. Qd2 h6 35. Ke2 1/2-1/2

[Event "BEL-ch U20"]
[Site "Houffalize"]
[Date "2009.04.18"]
[Round "8"]
[White "De Weird, Evy"]
[Black "Van Melkebeke, Willem"]
[Result "1/2-1/2"]
[WhiteElo "1604"]
[BlackElo "1877"]
[PlyCount "90"]
[EventDate "2009.04.13"]
[EventType "swiss"]
[EventRounds "9"]
[EventCountry "BEL"]
[SourceTitle "EXT 2012"]
[Source "ChessBase"]
[SourceDate "2011.11.24"]
[SourceVersion "1"]
[SourceVersionDate "2011.11.24"]
[SourceQuality "1"]

1. e4 e5 2. Nf3 Nc6 3. d4 exd4 4. Bc4 Nf6 5. e5 Ng4 6. Bxf7+ Kxf7 7. Ng5+ Kg8 8. Qxg4 Qe7 9. 0-0 Qxe5 10. Bf4 d6 11. Qf3 Qf5 12. h3 Ne7 13. g4 Qd5 14. Nd2 Qxf3 15. Ngxf3 Nd5 16. Bg3 h5 17. gxh5 Bxh3 18. Rfe1 Rxh5 19. Nxd4 Kf7 20. a3 Be7 21. c4 Nf6 22. Ne4 Rah8 23. Nc3 Rc5 24. b3 Nh5 25. Ne4 Nxg3 26. fxg3 Rch5 27. Nb5 Bf5 28. Nf2 Bf6 29. Ra2 Be5 30. Rae2 Bxg3 31. Re7+ Kg6 32. Nxc7 Rh2 33. R1e2 Be5 34. Nd5 R8h5 35. Rxb7 Bg4 36. Ne7+ Kg5 37. Ne4+ Kh6 38. Rxh2 Bxh2+ 39. Kf2 Re5 40. Ng8+ Kg6 41. Ne7+ Kh5 42. Ng3+ Bxg3+ 43. Kxg3 Re3+ 44. Kf2 Rf3+ 45. Kg2 Rc3 1/2-1/2